Αξιολόγηση στατιστικών τεστ στον προσδιορισμό διαφορών υδρομετεωρολογικών δεδομένων : μεταπτυχιακή εργασία
Σκοπός της παρούσας εργασίας είναι η εύρεση στατιστικών διαφορών σε υδρο-μετεωρολογικά δεδομένα που προέρχονται, είτε από διαφορετικούς μετεωρολογικούς σταθμούς είτε από διαφορετικές περιόδους μελέτης (μεταξύ χρονικών περιόδων). Με τη χρήση κατάλληλων στατιστικών τεστ καθώς και γραφικών ελέγχων πραγ...
Αποθηκεύτηκε σε:
| Κύριος συγγραφέας: | |
|---|---|
| Συγγραφή απο Οργανισμό/Αρχή: | |
| Μορφή: | Thesis Βιβλίο |
| Γλώσσα: | Greek |
| Δημοσίευση: |
2013.
|
| Θέματα: | |
| Διαθέσιμο Online: | http://hdl.handle.net/11610/15585 |
| Ετικέτες: |
Προσθήκη ετικέτας
Δεν υπάρχουν, Καταχωρήστε ετικέτα πρώτοι!
|
MARC
| LEADER | 00000cam a2200000 i 4500 | ||
|---|---|---|---|
| 001 | 1/42789 | ||
| 008 | 140224s2013 gr | ||| |||| ||gre|| | ||
| 035 | |l 10116810 | ||
| 040 | |a GR-MyUA |b gre |e AACR2 | ||
| 041 | 0 | |a gre | |
| 082 | 0 | |a 551.57 |2 (22) | |
| 100 | 1 | |a Θεοδωρακόπουλος, Ευάγγελος. | |
| 245 | 1 | 0 | |a Αξιολόγηση στατιστικών τεστ στον προσδιορισμό διαφορών υδρομετεωρολογικών δεδομένων : |b μεταπτυχιακή εργασία / |c Ευάγγελος Θεοδωρακόπουλος ; επιβλέπων καθηγητής Φραγκίσκος Δημήτρης Λέκκας. |
| 260 | |c 2013. | ||
| 300 | |a 131 σ. : |b εικ., πιν., διάγρ. ; |c 131 σ. | ||
| 500 | |a Μέλη της εξεταστικής επιτροπής: Λέκκας Φραγκίσκος Δημήτρης, Γεωργίου Στέλιος, Στυλιανού Στέλλα. | ||
| 502 | |a Διατριβή (μεταπτυχιακή) – Πανεπιστήμιο Αιγαίου, Σάμος, 2013. | ||
| 504 | |a Βιβλιογραφία: σ. 131. | ||
| 506 | 1 | |a Διάθεση πλήρους κειμένου ; |d Ενδοπανεπιστημιακή δημοσίευση. | |
| 520 | |a Σκοπός της παρούσας εργασίας είναι η εύρεση στατιστικών διαφορών σε υδρο-μετεωρολογικά δεδομένα που προέρχονται, είτε από διαφορετικούς μετεωρολογικούς σταθμούς είτε από διαφορετικές περιόδους μελέτης (μεταξύ χρονικών περιόδων). Με τη χρήση κατάλληλων στατιστικών τεστ καθώς και γραφικών ελέγχων πραγματοποιήθηκε εντοπισμός και ανάλυση των στατιστικών διαφορών και συγκεκριμένα :1) Στη μέση τιμή των δεδομένων 2) Στην τάση που μπορεί να έχουν τα δεδομένα.3) Στην κατανομή των δεδομένων Για την ορθή εφαρμογή των ελέγχων εξετάστηκαν θέματα όπως η κανονικότητα ή μη των μεταβλητών, η ισότητα ή μη των διακυμάνσεων των μεταβλητών, η ανεξαρτησία των δεδομένων και η τυχαιότητα (randomness).Αρχικά εξετάστηκε αν τα δεδομένα διαφοροποιούνται ως προς την μέση τιμή, την τάση και την κατανομή. Στη συνέχεια εξετάστηκε αν τα δεδομένα διαφοροποιούνται σημαντικά με την πάροδο του χρόνου. Τα δεδομένα χωρίστηκαν σε δύο χρονικές περιόδους και εξετάστηκε αν μπορούν να «συνδεθούν» γραμμικά με την μεταβλητή του χρόνου. | ||
| 610 | 2 | 0 | |a University of the Aegean |x Dissertations. |
| 650 | 0 | 0 | |a Hydrometeorology |x Data processing. |
| 650 | 0 | 0 | |a Hydrometeorology |x Statistical methods. |
| 700 | 1 | |a Λέκκας, Δημήτριος-Φραγκίσκος Θ. |e dgs | |
| 710 | 2 | |a Πανεπιστήμιο Αιγαίου. |b Σχολή Θετικών Επιστημών. |b Τμήμα Στατιστικής και Αναλογιστικών-Χρηματοοικονομικών Μαθηματικών. |b Μεταπτυχιακό Πρόγραμμα στη Στατιστική και τα Χρηματοοικονομικά-Αναλογιστικά Μαθηματικά. |b Στατιστική και Ανάλυση Δεδομένων. | |
| 852 | |a INST |b SAMOS |c DIATR |e 20140224 |h 551.57 ΘΕΟ |p 005300036446 |q 005300036446 |t MTXE |y 23 | ||
| 852 | |a INST |b SAMOS |c DIATR |e 20140224 |h 551.57 ΘΕΟ |p 005300036447 |q 005300036447 |t MTXE |y 23 | ||
| 856 | |u http://hdl.handle.net/11610/15585 | ||
| 901 | |a BIBL3-2014-1 | ||
| 909 | |a Σ |b 184617 | ||
| 909 | |a Σ |b 184616 | ||
| 924 | |a ΘΕΟΔΩΡΑΚΟΠΟΥΛΟΣ |b ΕΥΑΓΓΕΛΟΣ |y Σάμος |z 2013-11 | ||
| 970 | |a ΚΟΣΙΕΡΗΣ |b ΧΡΗΣΤΟΣ |z 2014/02/24 | ||